000 00565nam a2200193Ia 4500
005 20250508165116.0
008 008 250505s9999 xx 000 0 hin d
037 _aDissertations
040 _aFEDL
_beng
_cFEDL
041 _ahin
_2eng
084 _a907, JYO/DI
_qFEDL
100 _aJyoti
245 0 _aUcchtar madhyamik ster per itihas shikshan ki vartman-stithi ka vishleshnatmak adhyyan
260 _c2011
300 _a73p.
546 _aM. Ed. Dissertation, (Delhi University)
942 _cDIS
_h907, JYO/DI
999 _c1393222
_d1393222